000 00763nam a2200229Ia 4500
003 GCL
008 140319s9999 xx 000 0 ara d
040 _aGCL /
_cGCL
082 0 4 _a323.42
_bم م
100 1 _aعبدالعزيز الشبينى
245 1 0 _aالمواطنة المنقوصة :
_bتهميش المراة فى مصر /
_cعبدالعزيز الشبينى
700 1 _aمارلين تادرس
700 1 _aاميرة عبدالحكيم
260 _aالقاهرة :
_bمركز الدراسات والمعلومات القانونية ،
_c1995
300 _a204 ص
490 _a
650 0 4 _aالمرأة
650 0 4 _aالدستور
650 0 4 _aحقوق المرأة
650 0 4 _aالمرأة المصرية
942 _2ddc
_cBK
999 _c38081
_d38081